French Canadian Celebs - Statistics

General Stats
  • This quiz has been taken 32 times
  • The average score is 3 of 13
Answer Stats
Picture Answer % Correct
Céline Dion
94%
Justin Trudeau
84%
Mélanie Joly
19%
Julie Payette
16%
Natasha St-Pier
16%
Angèle Arsenault
13%
Annie Villeneuve
13%
Édith Butler
13%
La Zarra
13%
Gabrielle Roy
10%
Luc Plamondon
10%
Ginette Petitpas-Taylor
6%
Roy Dupuis
6%
No matching quizzes found
Score Distribution
Percent of People with Each Score
Percentile by Number Answered
Your Score History
You have not taken this quiz